000 00423nam a2200169Ia 4500
100 _aTse/David/ viswanath/Pramod
650 _aWireless communication
942 _cBK
366 _f25
654 _awireless communication
245 _aFundamentals of wireless communication
260 _bCambridge University Press
_c2010
082 _a621.382
_bTSE
300 _a273
546 _aENGLISH
_cPAMPHALETS
999 _c22571
_d22571